000 00688nam a2200217 a 4500
001 000036748
005 20250225115440.0
008 120127s1957 fr 001 0 spa d
040 _aDO-SdBNP
_bspa
_cBNPHU
082 _a509
_bD241h
100 1 _aDaumas, Maurice
_963082
245 1 0 _aHistoire de la science.
260 _a[Paris] :
_bLibrairie GAllimard,
_c1957.
300 _a1908 p. ;
_c18 cm.
490 1 _aEncyclopédie de la Pléiade;
_v5
500 _aIncluye índice de personas y materias
504 _aIncluye datos bibliografícos
650 0 _aCIENCIA -
_xHISTORIA
_925748
830 0 _aEncyclopédie de la Pléiade
_n5
_963083
910 _aValidado. Control de calidad MFF
999 _c36239
_d36239